Verbal Ability & Reading Comprehension CAT, MAT, XAT, IIFT and SNAP/ (Record no. 188796)

MARC details
000 -LEADER
fixed length control field 00573nam a22001817a 4500
005 - DATE AND TIME OF LATEST TRANSACTION
control field 20220603145113.0
010 ## - LCCN (DPL NO)
LC control number ENG-132994
020 ## - INTERNATIONAL STANDARD BOOK NUMBER
International Standard Book Number 9789352032976
Terms of availability 475.00
035 ## - SYSTEM CONTROL NUMBER
System control number EN-116526
037 ## - SOURCE OF ACQUISITION
Source of stock number/acquisition DBAD/PUB
082 ## - DEWEY DECIMAL CLASSIFICATION NUMBER
Classification number 000
100 ## - MAIN ENTRY--PERSONAL NAME
Personal name Singh, Ajay
245 ## - TITLE STATEMENT
Title Verbal Ability & Reading Comprehension CAT, MAT, XAT, IIFT and SNAP/
Statement of responsibility, etc Ajay Singh
260 ## - PUBLICATION, DISTRIBUTION, ETC. (IMPRINT)
Place of publication, distribution, etc New Delhi
Name of publisher, distributor, etc Arihant Publications Ltd.
Date of publication, distribution, etc 2020
270 ## - ADDRESS
Address Ramchhaya 4577/15, Agarwal Road, Darya Ganj
City New Delhi
Postal code 110002
300 ## - PHYSICAL DESCRIPTION
Extent 700p.
Dimensions 27cm(pbk)
942 ## - ADDED ENTRY ELEMENTS (KOHA)
Source of classification or shelving scheme Dewey Decimal Classification
Item type English Books
Call number suffix AJA
Classification part 000
Holdings
Withdrawn status Lost status Not for loan Collection code Home library Current library Date acquired Source of acquisition Cost, normal purchase price Full call number Barcode Copy number Cost, replacement price Koha item type
      Non-fiction Ashok Vihar Ashok Vihar 03/06/2022 DBAD/PUB 475.00 000 AJA EN-116526 1 475.00 English Books

© Delhi Public Library
Hit Counter
free hit counter